[Event "Glorney Cup"]
[Site "Stirling"]
[Date "2023.08.19"]
[Round "4"]
[White "Ali, Shahvez"]
[Black "Moull, Arthur"]
[Result "0-1"]
[WhiteElo "1664"]
[BlackElo "1537"]
[PlyCount "98"]
[EventDate "2023.08.18"]
[EventType "team-tourn"]
[EventRounds "6"]
[EventCountry "SCO"]
[SourceTitle "EXT 2024"]
[Source "ChessBase"]
[SourceDate "2023.10.10"]
[SourceVersion "1"]
[SourceVersionDate "2023.10.10"]
[SourceQuality "1"]
[WhiteTeam "England"]
[BlackTeam "Ireland"]
[WhiteTeamCountry "ENG"]
[BlackTeamCountry "IRL"]

1. d4 d5 2. c4 dxc4 3. e4 b5 4. a4 c6 5. axb5 cxb5 6. b3 e5 7. d5 Nf6 8. Qe2 Nbd7 9. bxc4 b4 10. Qc2 Nc5 11. Bd3 Bd6 12. Be3 a5 13. Nd2 Bd7 14. Ngf3 Qc7 15. Ke2 a4 16. Qb2 Nxd3 17. Kxd3 0-0 18. Rhc1 Rfc8 19. Ke2 a3 20. Qb1 Rab8 21. Nb3 Bg4 22. c5 Bf8 23. h3 Bxf3+ 24. gxf3 g6 25. Qd3 Bg7 26. Ra2 Qd7 27. c6 Qxh3 28. d6 Ra8 29. d7 Rd8 30. Bb6 Nh5 31. Be3 Bf8 32. Rd1 Nf6 33. Nc5 Bxc5 34. Bxc5 Nh5 35. Be3 Qe6 36. Rc2 b3 37. c7 bxc2 38. cxd8Q+ Rxd8 39. Qxc2 Nf6 40. Bh6 a2 41. Ra1 Qxd7 42. Rxa2 Nh5 43. Ra5 Qd4 44. Rc5 Nf4+ 45. Bxf4 exf4 46. Rc8 Rxc8 47. Qxc8+ Kg7 48. Qg4 Qd6 49. Qh4 Qf6 0-1